000 00501nam a2200205Ia 4500
003 OSt
005 20220918231423.0
006 a|||||r|||| 00| 0
007 ta
008 220917b |||||||| |||| 00| 0 eng d
024 _a280,478
037 _cTextual
040 _aARTS
_cARTS
_beng
041 _2eng
_aeng
082 _aY:393.2, H0
245 0 _aReport on the programe of broadcasting in India
260 _c1940
942 _hY:393.2, H0
_cTEXL
_2CC
999 _c291045
_d291045